| 000 | 00457nam a22001697a 4500 | ||
|---|---|---|---|
| 003 | LK-CoDNM | ||
| 005 | 20240731131952.0 | ||
| 008 | 240731b |||||||| |||| 00| 0 eng d | ||
| 040 |
_aLK-CoDNM _dLK-CoDNM _eLK-CoDNM |
||
| 041 | _aeng | ||
| 080 |
_a8 _bJ3 |
||
| 100 | _aBernety,L,D,Litt,D | ||
| 245 | _aSupplementary Catalogue of Sanskrit , Pali, and Prakrit Books | ||
| 260 |
_aBritish Museum _bLondon _c1908 |
||
| 300 | _a1095p ; 29 cm | ||
| 942 | _cBK | ||
| 999 |
_c146185 _d146185 |
||